| 000 | 01232nam a2200349 a 4500 | ||
|---|---|---|---|
| 001 | 000012988 | ||
| 003 | DO-SdBPM | ||
| 005 | 20251104093301.0 | ||
| 007 | ta | ||
| 008 | 091118s2012 pa 000 f spa d | ||
| 020 | _a9992599197 | ||
| 040 |
_aDO-SdBPM _bspa _cBPMSU _erda |
||
| 082 | 4 |
_aPa861.44 _bD671c 2012 _222 |
|
| 092 | _b | ||
| 100 | 1 |
_aDomínguez, Ramiro _d1930-2018 _eautor |
|
| 245 | 1 | 4 |
_aLas 4 fases del Luisón y otros poemas / _cRamiro Domínguez ; selección e introducción de Francisco Pérez-Maricevich |
| 246 | 1 | 3 | _aLas cuatro frases del Luisón y otros poemas |
| 264 |
_aAsunción, Paraguay : _bEditorial el Lector, _c2012 |
||
| 300 |
_a82 páginas ; _c23 cm. |
||
| 336 |
_atexto _btxt _2rdacontent |
||
| 337 |
_asin mediación _bn _2rdamedia |
||
| 338 |
_avolumen _bnc _2rdacarrier |
||
| 490 | 0 |
_a Biblioteca popular de autores paraguayos ; _aHacia un país de lectores, _v18 |
|
| 500 | _aIncluye datos biográficos del autor en la contracubierta | ||
| 586 | _a | ||
| 590 | _aInventariado, 2025/VM | ||
| 650 | 7 | _aPoesía paraguaya | |
| 650 | 7 |
_aLuisón (Mitología) _vPoesía _x |
|
| 650 | 7 |
_aLiteratura paraguaya _y |
|
| 910 | _aVMateo V. Control de calidad. BPMSU | ||
| 942 |
_2ddc _cBK |
||
| 999 |
_c15488 _d15488 |
||